The Brass Notebook: a memoir (Record no. 514391)

000 -LEADER
fixed length control field 00321nam a22001217a 4500
020 ## - INTERNATIONAL STANDARD BOOK NUMBER
International Standard Book Number 9789389958676
082 ## - DEWEY DECIMAL CLASSIFICATION NUMBER
Classification number A99 J199
100 ## - MAIN ENTRY--PERSONAL NAME
Personal name Jain, Devaki
9 (RLIN) 19027
245 ## - TITLE STATEMENT
Title The Brass Notebook: a memoir
Statement of responsibility, etc by Devaki Jain
260 ## - PUBLICATION, DISTRIBUTION, ETC. (IMPRINT)
Place of publication, distribution, etc New Delhi
Name of publisher, distributor, etc Speaking Tree
Date of publication, distribution, etc 2020
300 ## - PHYSICAL DESCRIPTION
Extent 215p.
650 ## - SUBJECT ADDED ENTRY--TOPICAL TERM
Topical term or geographic name as entry element Jain, Devaki, 1933-
9 (RLIN) 19098
Holdings
Withdrawn status Lost status Source of classification or shelving scheme Damaged status Koha normalized classification for sorting Not for loan Permanent location Current location Shelving location Date acquired Full call number Barcode Date last seen Price effective from Koha item type
        A_99_000000000000000_J199   Indian Institute of Public Administration Indian Institute of Public Administration On Display 2020-10-29 A99 J199 88456 2021-07-08 2020-10-29 Book

Powered by Koha